Tepelná čerpadla

Salvato in:
Dettagli Bibliografici
Autori principali: Srdečný, Karel (Autore), Truxa, Jan (Autore)
Natura: Libro
Lingua:ceco
Pubblicazione: Praha : EkoWATT, 2009
Edizione:1. vyd.
Tags: Aggiungi Tag
Nessun Tag, puoi essere il primo ad aggiungerne!!

MARC

LEADER 00000nam a22000003a 4500
001 stu276542
005 20150617230212.3
008 131021s--------xr------------------cze-d
020 |a 978-80-87333-02-0 
040 |a STU  |b slo 
041 0 |a cze 
044 |a xr 
080 |a 621.577  |7 stu_us_auth*stu3644 
100 1 |a Srdečný, Karel  |4 aut 
245 1 |a Tepelná čerpadla 
250 |a 1. vyd. 
260 |a Praha :  |b EkoWATT,  |c 2009 
300 |a 71 s 
700 1 |a Truxa, Jan  |4 aut 
996 |b 284EK89233  |c E*89233  |l EE32  |s P  |a 0  |w stu276542_0001